La versión colombiana del Modelo Inforum : (Registro nro. 8412)
[ vista simple ]
| 000 -LEADER | |
|---|---|
| fixed length control field | 01097nam a2200241Ia 4500 |
| 003 - CONTROL NUMBER IDENTIFIER | |
| control field | OSt |
| 005 - DATE AND TIME OF LATEST TRANSACTION | |
| control field | 20210825111956.0 |
| 008 - FIXED-LENGTH DATA ELEMENTS--GENERAL INFORMATION | |
| fixed length control field | 210310s1987 ck ad fr 000 0 spa d |
| 040 ## - CATALOGING SOURCE | |
| Original cataloging agency | CO-JMCR |
| Transcribing agency | CO-JMCR |
| 041 0# - LANGUAGE CODE | |
| Language code of text/sound track or separate title | spa |
| 082 04 - DEWEY DECIMAL CLASSIFICATION NUMBER | |
| Classification number | 330.1543 / |
| Item number | A662v |
| Edition number | 23 |
| 100 1# - MAIN ENTRY--PERSONAL NAME | |
| Personal name | Arango C., Carlos Felipe, |
| 9 (RLIN) | 17193 |
| Relator term | autor |
| 245 13 - TITLE STATEMENT | |
| Title | La versión colombiana del Modelo Inforum : |
| Remainder of title | descripción y aplicaciones / |
| Statement of responsibility, etc. | Carlos Felipe Arando, Víctor Manuel Mayorga T |
| 260 ## - PUBLICATION, DISTRIBUTION, ETC. | |
| Place of publication, distribution, etc. | Bogotá : |
| Name of publisher, distributor, etc. | Banco Central Hipotecario, |
| Date of publication, distribution, etc. | 1987 |
| 300 ## - PHYSICAL DESCRIPTION | |
| Extent | 233 páginas : |
| Other physical details | ilustraciones y gráficas a blanco y negro ; |
| Dimensions | 24 cm. |
| 500 ## - GENERAL NOTE | |
| General note | Subtítulo tomado de caratula. |
| 504 ## - BIBLIOGRAPHY, ETC. NOTE | |
| Bibliography, etc. note | Bibliografía: páginas 228-229 |
| 505 0# - FORMATTED CONTENTS NOTE | |
| Formatted contents note | La versión colombiana del Modelo Inforum -- El sector de la construcción y la recesión de la primera parte de la década de los ochenta: Un análisis -- El impacto económico de la reforma municipal colombiana |
| 650 14 - SUBJECT ADDED ENTRY--TOPICAL TERM | |
| Topical term or geographic name entry element | Desarrollo económico |
| 9 (RLIN) | 17195 |
| Geographic subdivision | Colombia |
| 650 24 - SUBJECT ADDED ENTRY--TOPICAL TERM | |
| Topical term or geographic name entry element | Econometría |
| Geographic subdivision | Colombia |
| 9 (RLIN) | 39678 |
| 700 1# - ADDED ENTRY--PERSONAL NAME | |
| Personal name | Mayorga T., Víctor Manuel, |
| Relator term | autor |
| 9 (RLIN) | 39679 |
| 942 ## - ADDED ENTRY ELEMENTS (KOHA) | |
| Source of classification or shelving scheme | Dewey Decimal Classification |
| Koha item type | Books |
| Withdrawn status | Lost status | Source of classification or shelving scheme | Damaged status | Not for loan | Collection code | Home library | Current library | Date acquired | Source of acquisition | Full call number | Barcode | Date last seen | Copy number | Koha item type |
|---|---|---|---|---|---|---|---|---|---|---|---|---|---|---|
| Dewey Decimal Classification | Non-fiction | Biblioteca Pública José María del Castillo y Rada | Biblioteca Pública José María del Castillo y Rada | 04/15/2018 | Donación | 330.1543 / A662v | 430006361 | 05/16/2024 | Ej.1 | Books |